1033 1977 1125 1559 1374 1151 1706 1437 1086 1518 1552 1474 1551 1984 1859 1705 1648 1523 1356 1867 1846 1327 1756 1464 1382 1929 1627 1594 1300 1409 1516 1051 1795 1937 1657 1882 1821 1053 1974 1418 1500 1288 1750 1305 1461 1209 1829 1140 1836 1775 1880 1996 1866 1277 1567 1194 1041 1193 1366 1841 1213 1804 1311 1665 1021 1640 1096 1602 1685 1801 1574 1317 1479 1407 1009 1671 1298 1263 1419 1756 1368 1341 1030 1426 1823 1966 1222 1013 1794 1545 1669 1025 1692 1576 1216 1551 1727 1048 1837 BCNSPRNW ULIB Ver.6.0+V

เปลี่ยนเป็นภาษาไทย

Change to English
 แสดงรายละเอียดบรรณานุกรม
  กลับหน้าหลัก

Brief Record : Get Marc (ISO 2709) : E-mail record : QR code < ปิดหน้าต่าง
LEADER : 00000nam 2200000uu 4500
001    13399113735
003     ULIB
008    111220s2550||||th 000 0 tha d
020    ^a9789748506692
060 04 ^aWA292^bน287ค 2550
100 0  ^aนลินี ปัญญาวโรภาส
245 10 ^aคู่มือปฐมพยาบาลเบื้องต้นด้วยตัวเอง /^cนลินี ปัญญาวโรภาส,บรรณาธิการ, ศิริวรรณ ช้างพลาย
246 14 ^aปฐมพยาบาลเบื้องต้นช่วยชีวิต
260    ^aกรุงเทพฯ :^bเอ็ดดูเคชั่น ไมน์ด ไลน์ มัลติมีเดีย,^c2550
300    ^a264 หน้า :^bภาพประกอบ ;^c21 ซม.
650  7 ^aการช่วยให้ฟื้น
650  7 ^aปฐมพยาบาล
650  7 ^aผู้ป่วยหนัก, การดูแล
650  7 ^aภาวะฉุกเฉิน
650  7 ^aอุบัติเหตุ
700 0  ^aศิริวรรณ ช้างพลาย,^eบรรณาธิการ
945    ^p195^l0^i14277
945    ^p195^l0^i14278
945    ^p195^l0^i14327
945    ^p195^l0^i15261
995    ^aกัณชพร
999    ^aใช้งานได้ทุกระบบ
รายการนี้ยังไม่มีแท็ก
คุณยังไม่ได้ล็อกอิน คุณสามารถมีกิจกรรมร่วมกับเว็บไซต์ได้ แต่ต้องล็อกอินก่อน ::
  ล็อกอิน

รายการสื่อสารสนเทศ

ลำดับที่ ประเภท เลขเรียก/บาร์โค้ด สถานที่ สถานะ
- ไม่พบข้อมูล -

รายการใกล้เคียง
    ผู้แต่ง [นลินี ปัญญาวโรภาส]

    หัวเรื่อง [การช่วยให้ฟื้น]
    หัวเรื่อง [ปฐมพยาบาล]
    หัวเรื่อง [ผู้ป่วยหนัก, การดูแล]
    หัวเรื่อง [ภาวะฉุกเฉิน]
    หัวเรื่อง [อุบัติเหตุ]

BibComment


ยังไม่เคยถูกคอมเมนท์

คอมเมนท์ทรัพยากรรายการนี้
  คอมเมนท์: คู่มือปฐมพยาบาลเ..


 Copyright 2026. Bcnsprnw @Library